| 000 | 00693 a2200217 4500 | ||
|---|---|---|---|
| 999 |
_c27588 _d27588 |
||
| 003 | OSt | ||
| 005 | 20241015181137.0 | ||
| 008 | 241015b ||||| |||| 00| 0 eng d | ||
| 020 |
_a9780071289344 _cRs 2095.00 |
||
| 040 | _cimu-kc | ||
| 082 |
_a658.45 _bH997 |
||
| 100 |
_95683 _aHynes, Geraldine E. |
||
| 245 |
_aManagerial Communication : Strategies and Applications / _cGeraldine E. Hynes |
||
| 250 | _a5th ed. | ||
| 260 |
_bThe McGraw-Hill Companies, Inc, _aNew Delhi : _cc2011. |
||
| 300 |
_axv, 416 p. : _bill. ; _c24 cm |
||
| 500 | _aMcGraw Hill International edition | ||
| 504 | _aIncludes bibliographical references. | ||
| 650 | 0 |
_95684 _aManagerial communication |
|
| 942 |
_2ddc _cBK |
||